00373nam a2200157Ia 4500008004100000020001800041041000800059082001500067100001500082245002600097260003600123300000900159500001600168650001600184700001500200230125s9999 xx 000 0 und d a81-7829-370-6 aeng a659.1bTEL aTellis G J aEffective advertising c2004bResponse BooksaNew Delhi a201p aadvertising aAdvertising aTellis G J